| 000 | nca a22 a 4500 | ||
|---|---|---|---|
| 999 |
_c349439 _d349439 |
||
| 003 | BLK | ||
| 005 | 20200324163105.0 | ||
| 008 | 180414c bul|r|ner|||| 00| c0bul d | ||
| 010 | _aNOT00001681001 | ||
| 040 | _aBLK | ||
| 041 |
_aBUL _cBUL |
||
| 080 |
_aВокална музика _b784 _z784(497.2) |
||
| 100 | 1 |
_aПетрова, Мара _eпърви автор _9388763 |
|
| 139 |
_aПесни гатанки _bП 38 |
||
| 245 | 1 | 0 |
_aПесни гатанки _b[за 1 и 2 гласа] _cсъстав. и ред. Мара Петрова |
| 257 | _aBGR | ||
| 260 |
_9209548 _aСофия _bНаука и изкуство _c1971 |
||
| 300 |
_a40 с. _c25 см |
||
| 380 | _a7 | ||
| 650 | 7 |
_9166108 _aПесни |
|
| 653 | 7 |
_9183887 _aгатанки |
|
| 773 |
_0304830 _9656551 _aПетрова, Мара _tБиблиотека "Хорова самодейност" |
||
| 852 | _aЦб М 1076 | ||
| 942 |
_cNOT _n0 _s1 |
||
| 944 |
_aCR _kВ.Т. |
||
| 999 | _d349439 | ||
| 999 | _d304831 | ||